Online
Catalog

El capital : (Record no. 34836)

MARC details
000 -CABECERA
campo de control de longitud fija 01153nam a2200301 a 4500
001 - NÚMERO DE CONTROL
campo de control 000035345
005 - FECHA Y HORA DE LA ÚLTIMA TRANSACCIÓN
campo de control 20240731114020.0
008 - DATOS DE LONGITUD FIJA--INFORMACIÓN GENERAL
campo de control de longitud fija 090629s1966 mx 001 0 spa d
040 ## - FUENTE DE LA CATALOGACIÓN
Centro catalogador/agencia de origen DO-SdBNP
Lengua de catalogación spa
Centro/agencia transcriptor BNPHU
082 ## - NÚMERO DE LA CLASIFICACIÓN DECIMAL DEWEY
Número de clasificación 335.4
Número de documento/Ítem M392c, 1966
049 ## - FONDOS LOCALES (OCLC)
Fondos de biblioteca BNPD
100 1# - ENTRADA PRINCIPAL--NOMBRE DE PERSONA
Nombre de persona Marx, Carlos,
Fechas asociadas al nombre 1818-1883
9 (RLIN) 5975
240 14 - TÍTULO UNIFORME
Título uniforme Das kapital: Kritik der politischen Okonomie
Lenguaje de la obra español
245 13 - MENCIÓN DE TÍTULO
Título El capital :
Resto del título crítica de la economía política /
Mención de responsabilidad, etc. Carlos Marx ; versión del alemán por Wenceslao Roces.
250 ## - MENCIÓN DE EDICIÓN
Mención de edición 4a ed.
260 ## - PUBLICACIÓN, DISTRIBUCIÓN, ETC.
Lugar de publicación, distribución, etc. México, D. F :
Nombre del editor, distribuidor, etc. Fondo de Cultura Económica,
Fecha de publicación, distribución, etc. 1966.
300 ## - DESCRIPCIÓN FÍSICA
Extensión 3 v. ;
Dimensiones 21 cm.
490 1# - MENCIÓN DE SERIE
Mención de serie Sección de obras de economía, El capital.
500 ## - NOTA GENERAL
Nota general Traducido del alemán.
504 ## - NOTA DE BIBLIOGRAFÍA, ETC.
Nota de bibliografía, etc. Incluye referencias bibliográficas y notas al pie de las páginas.
590 ## - NOTA LOCAL (RLIN)
Nota local Perteneció a la biblioteca personal de Juan Isidro Jimenes Grullón.
650 #0 - PUNTO DE ACCESO ADICIONAL DE MATERIA--TÉRMINO DE MATERIA
Término de materia o nombre geográfico como elemento de entrada Capital
9 (RLIN) 3797
650 #0 - PUNTO DE ACCESO ADICIONAL DE MATERIA--TÉRMINO DE MATERIA
Término de materia o nombre geográfico como elemento de entrada Economía política
9 (RLIN) 5976
650 #0 - PUNTO DE ACCESO ADICIONAL DE MATERIA--TÉRMINO DE MATERIA
Término de materia o nombre geográfico como elemento de entrada Capitalismo
9 (RLIN) 280
700 1# - PUNTO DE ACCESO ADICIONAL--NOMBRE DE PERSONA
Nombre de persona Roces, Wenceslao
Término indicativo de función/relación tr.
9 (RLIN) 31367
830 #0 - PUNTO DE ACCESO ADICIONAL DE SERIE-TÍTULO UNIFORME
Título uniforme Sección de obras de economía, El capital
9 (RLIN) 61131
910 ## - DATOS DE OPCIÓN DEL USUARIO (OCLC)
Datos de opción del usuario Validado. Control de calidad BNPHU
Holdings
Estado de retiro Estado de pérdida Restricciones de uso No para préstamo Código de colección Localización permanente Ubicación/localización actual Ubicación en estantería Fecha de adquisición Número de inventario Total de préstamos Signatura topográfica completa Código de barras Fecha visto por última vez Precio válido a partir de Tipo de ítem Koha Nota pública
      Excluido de préstamo Monografías: Libros y Folletos General General Depósito 27.10.2011 LF1   335.4 M392c, 1966 | v. 1 35345-10 25.06.2020 25.06.2020 No se presta Perteneció a la biblioteca personal de Juan Isidro Jimenes -Grullón
        Monografías: Libros y Folletos General General Depósito 27.10.2011 LF1   335.4 M392c, 1966 | v. 2 35345-20 25.06.2020 25.06.2020 Préstamo en sala Perteneció a la biblioteca personal de Juan Isidro Jimenes -Grullón
        Monografías: Libros y Folletos General General Depósito 27.10.2011 LF1   335.4 M392c, 1966 | v. 3 35345-30 25.06.2020 25.06.2020 Préstamo en sala Perteneció a la biblioteca personal de Juan Isidro Jimenes -Grullón

Powered by Koha